Ảnh hưởng của hoạt động nuôi tôm đến tài nguyên đất ở huyện Đầm Dơi, tỉnh Cà Mau : Báo cáo tổng kết đề tài khoa học và công nghệ cấp trường

Đề tài đánh giá những thay đổi lí hóa của đất trong hoạt động nuôi tôm trong ao nuôi tôm theo thời gian và đề xuất một số giải pháp chủ yếu nhằm nâng cao hiệu quả sử dụng đất nông nghiệp trong sản xuất tôm sú theo hướng tích cực....

Disgrifiad llawn

Wedi'i Gadw mewn:
Manylion Llyfryddiaeth
Prif Awdur: Trần, Thiên Phú
Fformat: Llyfr
Iaith:Undetermined
Cyhoeddwyd: Cần Thơ Trường Đại học Cần Thơ 2013
Pynciau:
Tagiau: Ychwanegu Tag
Dim Tagiau, Byddwch y cyntaf i dagio'r cofnod hwn!
Thư viện lưu trữ: Trung tâm Học liệu Trường Đại học Cần Thơ
LEADER 01263nam a2200229Ia 4500
001 CTU_204474
008 210402s9999 xx 000 0 und d
082 |a 333.73 
082 |b Ph500 
088 |a TSV2013-20 
100 |a Trần, Thiên Phú 
245 0 |a Ảnh hưởng của hoạt động nuôi tôm đến tài nguyên đất ở huyện Đầm Dơi, tỉnh Cà Mau : 
245 0 |b Báo cáo tổng kết đề tài khoa học và công nghệ cấp trường 
245 0 |c Trần Thiên Phú (Chủ nhiệm đề tài) ; Huỳnh Hoang Khả (Cán bộ hướng dẫn) 
260 |a Cần Thơ 
260 |b Trường Đại học Cần Thơ 
260 |c 2013 
520 |a Đề tài đánh giá những thay đổi lí hóa của đất trong hoạt động nuôi tôm trong ao nuôi tôm theo thời gian và đề xuất một số giải pháp chủ yếu nhằm nâng cao hiệu quả sử dụng đất nông nghiệp trong sản xuất tôm sú theo hướng tích cực. 
650 |a Land use,Sử dụng đất 
904 |i Hải 
915 |a SP 
980 |a Trung tâm Học liệu Trường Đại học Cần Thơ